Southville International School and Colleges
Your cart is empty.
  • Cart
  • Lists
    Public lists Eva Luna New books Lux_list list_1
    Your lists Log in to create your own lists
  • Log in to your account
  • Your cookies
  • Search history
Southville International School and Colleges
  • Advanced search
  • Recent comments
  • Most popular
  • Libraries

Log in to your account

Log in with GOOGLE


If you do not have an external account, but do have a local account, you can still log in:

  1. Home
  2. MARC view: Assessment of learning :
Normal view MARC view ISBD view

Assessment of learning : (Record no. 284350)

[ view plain ]
MARC details
000 -LEADER
fixed length control field 00725nam a22002537a 4500
003 - CONTROL NUMBER IDENTIFIER
control field OSt
005 - DATE AND TIME OF LATEST TRANSACTION
control field 20150525103628.0
008 - FIXED-LENGTH DATA ELEMENTS--GENERAL INFORMATION
fixed length control field 130207t xxu||||| |||| 00| 0 eng d
020 ## - INTERNATIONAL STANDARD BOOK NUMBER
International Standard Book Number 9716857481
050 ## - LIBRARY OF CONGRESS CALL NUMBER
Classification number LB 3058.P6
Item number .N322 2012
100 ## - MAIN ENTRY--PERSONAL NAME
Personal name Navarro, Rosita L.
245 ## - TITLE STATEMENT
Title Assessment of learning :
Remainder of title outcomes /
Statement of responsibility, etc Rosita L. Navarro, Rosita G. Santos.
260 ## - PUBLICATION, DISTRIBUTION, ETC. (IMPRINT)
Place of publication, distribution, etc Quezon City :
Name of publisher, distributor, etc Lorimar Pub.
Date of publication, distribution, etc 2012.
300 ## - PHYSICAL DESCRIPTION
Extent vi, 109 pages :
Other physical details illustrations ;
Dimensions 26 cm.
500 ## - GENERAL NOTE
General note Includes bibliographical references and appendix.
700 ## - ADDED ENTRY--PERSONAL NAME
Personal name Santos, Rosita G.
942 ## - ADDED ENTRY ELEMENTS (KOHA)
Source of classification or shelving scheme Library of Congress Classification
Koha item type Books
Call number prefix Local
Holdings
Withdrawn status Lost status Source of classification or shelving scheme Damaged status Home library Current library Shelving location Date acquired Source of acquisition Total Checkouts Full call number Barcode Date last seen Date checked out Price effective from Koha item type
    Library of Congress Classification   College Library College Library Reserve Section 05/25/2015 Library Fund 1 LB 3058.P6 .N322 2012 C19370 05/15/2018 06/30/2015 05/25/2015 Books

Assessment of learning :

APA

Navarro R. L., Santos R. G., . (2012). Assessment of learning. Quezon City: Lorimar Pub.

Chicago

Navarro Rosita L, Santos Rosita G, . 2012. Assessment of learning. Quezon City: Lorimar Pub.

Harvard

Navarro R. L., Santos R. G., . (2012). Assessment of learning. Quezon City: Lorimar Pub.

MLA

Navarro Rosita L, Santos Rosita G, . Assessment of learning. Quezon City: Lorimar Pub. 2012.

  • Place hold
  • Print
  • Cite
  • Add to your cart (remove)
  • Save record
    BIBTEX Dublin Core MARCXML MARC (non-Unicode/MARC-8) MARC (Unicode/UTF-8) MARC (Unicode/UTF-8, Standard) MODS (XML) RIS
  • More searches
    Search for this title in:
    Other Libraries (WorldCat) Other Databases (Google Scholar) Online Stores (Bookfinder.com) Open Library (openlibrary.org)

Exporting to Dublin Core...

SOUTHVILLE LIBRARY

Southville International School and Colleges Library

1281 Tropical Ave. Cor. Luxembourg St., BF Homes International, Las Pinas City

Tel. No. 8256374 / 252358 Loc. 117/146

Powered by Koha